00385nam a2200121Ia 4500008004100000100001800041245004300059245001900102260000900121856004100130999001900171952007300190160531s9999 xx 000 0 und d aKouba, Omran. aBernoulli Polynomials and Applications cby Omran Kouba c2013 uhttp://arxiv.org/pdf/1309.7560v2.pdf c295045d295045 001040aCLbCLd2016-05-31l0r2016-05-31 00:00:00w2016-05-31yCBE